Alexander and the Hellenistic world /

محفوظ في:

المؤلف الرئيسي: Welles, C. Bradford, 1901-1970. (مؤلف)

التنسيق: كتاب

اللغة: English

منشور في: Toronto : A. M. Hakkert, 1970.

الموضوعات:

الوسوم: إضافة وسم

لا توجد وسوم, كن أول من يضع وسما على هذه التسجيلة!

رقم الطلب: DE83 .W44 1970

LEADER 00943namaa2200289 4500
001 22145
003 OSt
005 20251218083129.0
008 130303s1970 oncaj b 000 0deng d
010 |a 73135236 
020 |a 0888665024 (pbk) 
040 |c ARCE Library 
043 |a e-gr---  |a e-it--- 
050 4 |a DE83 .W44 1970 
100 1 |a Welles, C. Bradford,   |q (Charles Bradford),   |d 1901-1970.  |e author  |9 42044 
245 1 0 |a Alexander and the Hellenistic world /  |c [by] C. Bradford Welles. 
264 1 |a Toronto :   |b A. M. Hakkert,   |c 1970. 
300 |a 265 pages :  |b illustrations, genealogical tables ;  |c 23 cm. 
504 |a Bibliography : pages [227]-231. 
555 |a Sara.lib 
600 0 0 |a Alexander,  |c the Great,  |d 356 B.C.-323 B.C. 
651 0 |a Greece  |x Civilization  |y To 146 B.C. 
651 0 |a Greece  |x History  |y Macedonian Expansion, 359-323 B.C. 
651 0 |a Rome  |x History. 
901 |a reviewed 
942 |c BK  |2 lcc 
999 |c 20747  |d 20747